CONN`S CURRENT THERAPY 2005 / (Record no. 794664)

MARC details
000 -LEADER
fixed length control field 00347pam a2200145 a 4500
020 ## - INTERNATIONAL STANDARD BOOK NUMBER
International Standard Book Number 0721638643
Terms of availability
041 ## - LANGUAGE CODE
Language code of text/sound track or separate title eng
082 ## - DEWEY DECIMAL CLASSIFICATION NUMBER
Classification number 616
Item number RAK
100 ## - MAIN ENTRY--PERSONAL NAME
Personal name RAKEL, R .
245 ## - TITLE STATEMENT
Title CONN`S CURRENT THERAPY 2005 /
Medium Textual Documents
260 ## - PUBLICATION, DISTRIBUTION, ETC.
Place of publication, distribution, etc. [s.l]:
Name of publisher, distributor, etc. ELSEVIER , ,
Date of publication, distribution, etc. 2005.
300 ## - PHYSICAL DESCRIPTION
Extent 1486 ;
Dimensions A4.
650 ## - SUBJECT ADDED ENTRY--TOPICAL TERM
Topical term or geographic name entry element GEN.MEDICINE
930 ## - EQUIVALENCE OR CROSS-REFERENCE-UNIFORM TITLE HEADING [LOCAL, CANADA]
Uniform title 128
Holdings
Withdrawn status Lost status Damaged status Not for loan Collection Home library Current library Date acquired Source of acquisition Cost, normal purchase price Total Checkouts Full call number Barcode Date last seen Copy number Price effective from Koha item type
          Medical College & Hospital, Sangli Medical College & Hospital, Sangli 28/05/2005 NATIONAL BOOK DEPOT. 3231.69   616 RAK MCS-0680 26/07/2023 2 26/07/2023 Book
          Medical College & Hospital, Sangli Medical College & Hospital, Sangli 28/05/2005 NATIONAL BOOK DEPOT. 3231.69   616 RAK MCS-0679 26/07/2023 1 26/07/2023 Book